Early work histories of urban youth (Record no. 44920)

000 -LEADER
fixed length control field 00449pab a2200181 454500
008 - FIXED-LENGTH DATA ELEMENTS--GENERAL INFORMATION
fixed length control field 180718b2000 xxu||||| |||| 00| 0 eng d
100 ## - MAIN ENTRY--PERSONAL NAME
Personal name Entwisle, Doris R.
245 ## - TITLE STATEMENT
Title Early work histories of urban youth
260 ## - PUBLICATION, DISTRIBUTION, ETC.
Date of publication, distribution, etc. 2000
300 ## - PHYSICAL DESCRIPTION
Extent p.279-97
362 ## - DATES OF PUBLICATION AND/OR SEQUENTIAL DESIGNATION
Dates of publication and/or sequential designation Apr
650 ## - SUBJECT ADDED ENTRY--TOPICAL TERM
Topical term or geographic name entry element Youth
650 ## - SUBJECT ADDED ENTRY--TOPICAL TERM
Topical term or geographic name entry element Urban youth
700 ## - ADDED ENTRY--PERSONAL NAME
Personal name Olson, Linda Steffel
700 ## - ADDED ENTRY--PERSONAL NAME
Personal name Alexander, Karl L.
773 ## - HOST ITEM ENTRY
Main entry heading American Sociological Review
909 ## -
-- 44920
Holdings
Withdrawn status Lost status Damaged status Not for loan Permanent Location Current Location Date acquired Serial Enumeration / chronology Barcode Date last seen Price effective from Koha item type
        Indian Institute of Public Administration Indian Institute of Public Administration 2018-07-19 Volume no: 65, Issue no: 2 AR45336 2018-07-19 2018-07-19 Articles

Powered by Koha